IX Censo Nacional de Población: resultados generales . V Censo Nacional de Vivienda: resultados generales
Uloženo v:
| Korporativní autor: | |
|---|---|
| Médium: | Text |
| Vydáno: |
San José:
INEC
|
| Tagy: |
Přidat tag
Žádné tagy, Buďte první, kdo vytvoří štítek k tomuto záznamu!
|
MARC
| LEADER | 00000 a a2200000 04500 | ||
|---|---|---|---|
| 001 | 28105 | ||
| 003 | |||
| 040 | |a CRAI/IIS |c CRAI/IIS | ||
| 020 | |a 9968-9840-3-5 | ||
| 090 | |a 1001 CR8375c IX y V2000re | ||
| 110 | |a Instituto Nacional de Estadística y Censos (Costa Rica) | ||
| 245 | |a IX Censo Nacional de Población: resultados generales . V Censo Nacional de Vivienda: resultados generales | ||
| 260 | |a San José: |b INEC | ||
| 300 | |a 80 p | ||
| 999 | |c 3954 |d 3954 | ||



